000 00612nam a22001577i 4500
999 _c23170
_d23170
003 AR-CdUCM
008 250120b20162016 pe||||| |||| 00| 0 spa d
040 _aMUNICIPALIDAD PROVINCIAL DEL CUSCO
_cBIBLIOTECA MUNICIPAL DEL CUSCO
100 _aRíos Zamalloa, Jorge
_92949
245 _aMaterialidad y semilla /
260 _aCusco :
_c2016
300 _a160 páginas. :
_c20x15 cm.
505 _aCarne y vida unidas hasta nomas -- El Ch'unchoy -- El Andino Mamani -- El pasado -- La mujer cara de diosa -- La evolución -- La violencia de Cleofé -- Mi árbol
942 _2ddc
_cLIBROS
945 _apbjr
_d20-01-2025